000 00479nam a22001577a 4500
005 20250822141814.0
008 250822b |||||||| |||| 00| 0 eng d
037 _cTB
040 _cCL
041 _2ENG
_aENG
084 _aT4:2(B).2t N1
_qCL
245 _aReport of the curriculum devleopment centre in mathematics
260 _aNew Delhi, India:
_bUniversity Grants Commission,
_c1991
942 _2CC
_cTB
_hT4:2(B).2t N1
_n0
999 _c1434840
_d1434840